[Event "AUS-ch Seniors"]
[Site "Melbourne"]
[Date "2001.12.31"]
[Round "4"]
[White "Lushaj, Tahir"]
[Black "Lavery, John"]
[Result "1-0"]
[WhiteElo "1758"]
[BlackElo "1725"]
[PlyCount "55"]
[EventDate "2001.12.28"]
[EventType "swiss"]
[EventRounds "11"]
[EventCountry "AUS"]
[SourceTitle "EXT 2003"]
[Source "ChessBase"]
[SourceDate "2002.11.25"]
[SourceVersion "1"]
[SourceVersionDate "2002.11.25"]
[SourceQuality "1"]

1. e4 e6 2. d4 d5 3. Nc3 Bb4 4. a3 Bxc3+ 5. bxc3 dxe4 6. Qg4 Nf6 7. Qxg7 Rg8 8. Qh6 Nbd7 9. Qe3 b6 10. h3 Bb7 11. c4 Qe7 12. Bd2 c5 13. dxc5 Qxc5 14. Qb3 Rc8 15. Be3 Qc7 16. Rd1 Nc5 17. Qc3 Ke7 18. Ne2 e5 19. Ng3 Rgd8 20. Rxd8 Rxd8 21. Be2 Ne6 22. Nf5+ Ke8 23. 0-0 Ng8 24. Rb1 Ba6 25. Qb4 Nd4 26. Bxd4 exd4 27. Ng7+ Kd7 28. Qa4+ 1-0